Making changes in operational PFI projects (Record no. 107821)

MARC details
000 -LEADER
fixed length control field 01175cad a22002535a 4500
001 - CONTROL NUMBER
control field L142006
008 - FIXED-LENGTH DATA ELEMENTS--GENERAL INFORMATION
fixed length control field 080121s2008 xxk f f000 0 eng d
020 ## - INTERNATIONAL STANDARD BOOK NUMBER
International Standard Book Number 9780102951929
035 ## - SYSTEM CONTROL NUMBER
System control number (Sirsi) u142006
041 0# - LANGUAGE CODE
Language code of text/sound track or separate title eng
050 04 - LIBRARY OF CONGRESS CALL NUMBER
Classification number 336.39 $2 18
110 2# - MAIN ENTRY--CORPORATE NAME
Corporate name or jurisdiction name as entry element United Kingdom
Subordinate unit National Audit Office
9 (RLIN) 1350
245 00 - TITLE STATEMENT
Title Making changes in operational PFI projects
Remainder of title report by the Comptroller and Auditor Generalh[electronic resource]
260 ## - PUBLICATION, DISTRIBUTION, ETC.
Place of publication, distribution, etc. London
Name of publisher, distributor, etc. TSO
Date of publication, distribution, etc. 2008
490 #0 - SERIES STATEMENT
Series statement HC
Volume/sequential designation 205
520 ## - SUMMARY, ETC.
Summary, etc. Looks at whether PFI operational deals deliver value for money when changes are made to the services and assets provided. Reveals while PFI deals offer sufficient flexibility, changes to operational PFI deals are often poor value for money. To overcome this, the report makes recommendations to improve the management of change.
521 2# - TARGET AUDIENCE NOTE
Target audience note Advanced
590 ## - LOCAL NOTE (RLIN)
Local note KA
650 24 - SUBJECT ADDED ENTRY--TOPICAL TERM
Topical term or geographic name entry element PRIVATE FINANCE INITIATIVE
651 #4 - SUBJECT ADDED ENTRY--GEOGRAPHIC NAME
Geographic name United Kingdom
Chronological subdivision
690 ## - LOCAL SUBJECT ADDED ENTRY--TOPICAL TERM (OCLC, RLIN)
Topical term or geographic name as entry element BUILT ENVIRONMENT-CONSTRUCTION MANAGEMENT-BUILDING CONTRACT ADMINISTRATION
856 40 - ELECTRONIC LOCATION AND ACCESS
Uniform Resource Identifier <a href="https://www.nao.org.uk/pn/07-08/0708205.htm">https://www.nao.org.uk/pn/07-08/0708205.htm</a>
Public note View the report free of charge at www.nao.org.uk...
942 ## - ADDED ENTRY ELEMENTS (KOHA)
Suppress in OPAC 0
Holdings
Withdrawn status Lost status Source of classification or shelving scheme Damaged status Not for loan Home library Current library Shelving location Date acquired Total Checkouts Full call number Barcode Date last seen Copy number Price effective from Koha item type
    Dewey Decimal Classification     Virtual Virtual Online 21/01/2008   ONLINE PUBLICATION 142006-2001 06/08/2019 1 06/08/2019 Book